a kids book about LEADERSHIP / (Record no. 203722)

MARC details
000 -LEADER
fixed length control field 01390nam a2200337 ia4500
003 - CONTROL NUMBER IDENTIFIER
control field OSt
005 - DATE AND TIME OF LATEST TRANSACTION
control field 20260407114641.0
008 - FIXED-LENGTH DATA ELEMENTS--GENERAL INFORMATION
fixed length control field 260407t20252025nyu brb 000 0 eng d
020 ## - INTERNATIONAL STANDARD BOOK NUMBER
International Standard Book Number 9780241743386
Terms of availability RM 98.90
Qualifying information hardback
040 ## - CATALOGING SOURCE
Original cataloging agency PPAK
Language of cataloging eng
Transcribing agency PPAK
Description conventions rda
082 04 - DEWEY DECIMAL CLASSIFICATION NUMBER
Edition number 23
Classification number 303.34
090 00 - LOCALLY ASSIGNED LC-TYPE CALL NUMBER (OCLC); LOCAL CALL NUMBER (RLIN)
Classification number (OCLC) (R) ; Classification number, CALL (RLIN) (NR) 303.34
Feature heading JEA
Feature heading K
100 1# - MAIN ENTRY--PERSONAL NAME
Personal name Jean, Orion,
Relator term author.
245 10 - TITLE STATEMENT
Title a kids book about LEADERSHIP /
Statement of responsibility, etc. by Orion Jean, TIME 2021 Kids of the year
246 30 - VARYING FORM OF TITLE
Title proper/short title Leadership
250 ## - EDITION STATEMENT
Edition statement First American edition.
264 #1 - PRODUCTION, PUBLICATION, DISTRIBUTION, MANUFACTURE, AND COPYRIGHT NOTICE
Place of production, publication, distribution, manufacture New York, NY :
Name of producer, publisher, distributor, manufacturer DK Publishing,
Date of production, publication, distribution, manufacture, or copyright notice [2025]
Date of production, publication, distribution, manufacture, or copyright notice ©2025
300 ## - PHYSICAL DESCRIPTION
Extent 1 volume (unpaged) :
Other physical details colour illustrations ;
Dimensions 26 cm
336 ## - CONTENT TYPE
Content type term text
Source rdacontent
337 ## - MEDIA TYPE
Media type term unmediated
Source rdamedia
338 ## - CARRIER TYPE
Carrier type term volume
Source rdacarrier
490 1# - SERIES STATEMENT
Series statement a kids book about
520 ## - SUMMARY, ETC.
Summary, etc. Written by the ten-year-old founder of the Race to Kindness, and designed to be read together by a grownup and a child, this volume uses simple text to help kids understand that everyone can be a leader in both big and small ways via kindness, generosity, self-confidence, and teamwork.
650 10 - SUBJECT ADDED ENTRY--TOPICAL TERM
Topical term or geographic name entry element Leadership in children
Form subdivision Juvenile literature
Topical term or geographic name entry element Kindness
Form subdivision Juvenile literature
Topical term or geographic name entry element Generosity
Form subdivision Juvenile literature
Topical term or geographic name entry element Self-confidence in children
Form subdivision Juvenile literature
830 #0 - SERIES ADDED ENTRY--UNIFORM TITLE
Uniform title a kids book about
942 ## - ADDED ENTRY ELEMENTS (KOHA)
Source of classification or shelving scheme Dewey Decimal Classification
Koha item type Book
Holdings
Withdrawn Not for loan Current library Shelving location Date acquired Total Checkouts Full call number Barcode Date last seen Koha item type
    Perpustakaan Alor Setar Pinjaman Kanak-kanak 22/04/2026   K 303.34 JEA A01910978 22/04/2026 Book
    Perpustakaan Awam Sungai Petani Pinjaman Kanak-kanak 22/04/2026   K 303.34 JEA A01910979 22/04/2026 Book